Diàleg per a la convivència
Descripción Física:
1 díptic ; il. col. ; 21 x 10 cm.
Idioma:
Catalán
MARC
| LEADER | 00000nam a22000007a 4500 | ||
|---|---|---|---|
| 001 | 26969, 26970, 26971 | ||
| 003 | Arxiu | ||
| 005 | 20260324181144.0 | ||
| 008 | 221122b spa||||| |||| 00| 0 cat d | ||
| 017 | |a B 29912-2015 | ||
| 040 | |a agdb |b cat | ||
| 041 | |a cat | ||
| 245 | |a Diàleg per a la convivència | ||
| 260 | |a Barcelona : |b Diputació de Barcelona. Àrea d'Atenció a les Persones ; |c 2015 | ||
| 300 | |a 1 díptic ; |b il. col. ; |c 21 x 10 cm. | ||
| 650 | 0 | |9 32701 |a Mediació | |
| 650 | 0 | |a Serveis municipals |9 42282 | |
| 710 | |a Barcelona (Catalunya : Província). |b Àrea d'Atenció a les Persones |9 52421 | ||
| 942 | |2 udc |c ARXIU |n 1 | ||
| 952 | |0 0 |1 0 |2 udc |4 0 |6 FU7342 |7 1 |9 64278 |a Arxiu |b Arxiu |d 2022-11-22 |l 0 |o FU-73-42 |p 26969 |r 2022-11-22 00:00:00 |w 2022-11-22 |y ARXIU | ||
| 952 | |0 0 |1 0 |2 udc |4 0 |6 FU7343 |7 1 |9 64279 |a Arxiu |b Arxiu |d 2022-11-22 |l 0 |o FU-73-43 |p 26970 |r 2022-11-22 00:00:00 |w 2022-11-22 |y ARXIU | ||
| 952 | |0 0 |1 0 |2 udc |4 0 |6 PDL |7 1 |9 64280 |a Arxiu |b Arxiu |d 2022-11-22 |l 0 |o PDL |p 26971 |r 2022-11-22 00:00:00 |w 2022-11-22 |y ARXIU | ||
| 999 | |c 82764 |d 82764 | ||